| 000 | 00508nam a2200193Ia 4500 | ||
|---|---|---|---|
| 003 | LK-CoDNM | ||
| 005 | 20241211131636.0 | ||
| 008 | 010623t1939 xxu||||| |||| 00| 1 eng d | ||
| 040 |
_aLK-CoDNM _dLK-CoDNM _eLK-CoDNM |
||
| 041 | _aeng | ||
| 080 |
_a8 S-1 6/10 _bPAR |
||
| 100 | _aParanavitana, S. | ||
| 245 | _aSigiriya Graffiti : Earliest extant specimens of Sinhalese verse | ||
| 260 |
_bRoyal Asiatic Society _c1939 |
||
| 300 | _b37p. ; 21.5 cm | ||
| 650 | _a1939 | ||
| 650 | _aHistory | ||
| 942 | _cBK | ||
| 999 |
_c99260 _d99260 |
||